000 00509nam a2200181Ia 4500
008 230711s9999||||xx |||||||||||||| ||und||
020 _a81-239-0635-8
041 _aENG
082 _a615.1901
_bSE-I
100 _aSethi.P.D
245 0 _aIdentification of drugs in pharmaceutical formulations by thin layer chromatography
250 _a2nd Ed.
260 _c1999
_aNew Delhi
_bCBS Publishers & Distributors Pvt.Ltd
300 _a253p.
650 _aPharmacy
700 _aCharegaonkar,Dilip
942 _cBK
999 _c7162
_d7162